[Event "28.Schlosspark-Open"]
[Site "Wiesbaden-Biebrich"]
[Date "2016.08.26"]
[Round "2.1"]
[White "Kolker, Vladislav"]
[Black "Khenkin, Igor"]
[Result "0-1"]
[WhiteElo "2023"]
[BlackElo "2553"]
[PlyCount "46"]
[EventDate "2016.??.??"]
[WhiteTeam "SC Bad Nauheim"]
[BlackTeam "SG Porz"]

1. e4 Nf6 2. d3 d5 3. Nd2 e5 4. Ngf3 Nc6 5. g3 dxe4 6. dxe4 Bc5 7. Bg2 O-O 8.
O-O a5 9. b3 Qe7 10. Bb2 Rd8 11. Qe2 Bg4 12. c3 Rd7 13. h3 Bh5 14. a4 Rxd2 15.
Qxd2 Nxe4 16. Qc1 Nxg3 17. Re1 e4 18. Nd4 Bxd4 19. cxd4 Ne2+ 20. Rxe2 Bxe2 21.
d5 Nb4 22. Bxg7 Kxg7 23. Qb2+ Qf6 0-1

[Event "28.Schlosspark-Open"]
[Site "Wiesbaden-Biebrich"]
[Date "2016.08.26"]
[Round "2.2"]
[White "Ikonnikov, Vyacheslav"]
[Black "Werner, Dimo"]
[Result "1-0"]
[WhiteElo "2536"]
[BlackElo "2040"]
[PlyCount "57"]
[EventDate "2016.??.??"]
[WhiteTeam "SF Bad Mergentheim"]
[BlackTeam "TSV Schott Mainz"]

1. d4 d5 2. c4 c6 3. Nf3 Nf6 4. Nc3 Nbd7 5. cxd5 Nxd5 6. e4 Nxc3 7. bxc3 e6 8.
Bd3 Be7 9. O-O O-O 10. e5 c5 11. Qe2 cxd4 12. cxd4 Re8 13. h4 Nf8 14. Qe4 Rb8
15. Qg4 Bd7 16. h5 Bc6 17. Bh6 g6 18. hxg6 hxg6 19. Ng5 Qd5 20. Rfe1 Red8 21.
Re4 Qa5 22. Bxf8 Bxg5 23. Qxg5 Bxe4 24. Be7 Rxd4 25. Bf6 Kf8 26. Bxe4 Rxe4 27.
Qh6+ Ke8 28. Qh8+ Kd7 29. Qxb8 1-0

[Event "28.Schlosspark-Open"]
[Site "Wiesbaden-Biebrich"]
[Date "2016.08.26"]
[Round "2.3"]
[White "Schmitt, Carsten"]
[Black "Kveinys, Aloyzas"]
[Result "0-1"]
[WhiteElo "2008"]
[BlackElo "2509"]
[PlyCount "54"]
[EventDate "2016.??.??"]
[WhiteTeam "SV Bergwinkel"]
[BlackTeam "vereinslos"]

1. c4 g6 2. g3 Bg7 3. Bg2 e5 4. Nc3 d6 5. d3 f5 6. e3 a5 7. Nge2 Nf6 8. O-O O-O
9. f4 c6 10. h3 Na6 11. Kh2 Qe7 12. b3 Bd7 13. Ba3 exf4 14. exf4 Rae8 15. Qd2
Nb4 16. Rad1 h5 17. Bc1 h4 18. Bf3 hxg3+ 19. Nxg3 Ng4+ 20. hxg4 fxg4 21. Nge2
Qh4+ 22. Kg1 gxf3 23. Rxf3 Bg4 24. Rf2 Bxc3 25. Nxc3 Bxd1 26. Qxd1 Qg3+ 27. Kf1
Nxd3 0-1

[Event "28.Schlosspark-Open"]
[Site "Wiesbaden-Biebrich"]
[Date "2016.08.26"]
[Round "2.4"]
[White "Poetsch, Hagen"]
[Black "Berberich, Christoph"]
[Result "1-0"]
[WhiteElo "2501"]
[BlackElo "2026"]
[PlyCount "49"]
[EventDate "2016.??.??"]
[WhiteTeam "SF Schöneck"]
[BlackTeam "FSF 1887 Zähringen"]

1. e4 c5 2. Nf3 Nc6 3. b4 cxb4 4. d4 d5 5. exd5 Qxd5 6. c4 bxc3 7. Nxc3 Qa5 8.
Bd2 e6 9. Rc1 Nf6 10. Ne4 Bb4 11. Nxf6+ gxf6 12. Bd3 Bxd2+ 13. Nxd2 Nxd4 14.
O-O Bd7 15. Nc4 Qa4 16. Qg4 e5 17. Qh4 Ke7 18. Rfe1 Be6 19. Rxe5 b5 20. Qxd4
bxc4 21. Qc5+ Kd8 22. Rd5+ Bxd5 23. Qxd5+ Ke7 24. Bxc4 Rhd8 25. Re1+ 1-0

[Event "28.Schlosspark-Open"]
[Site "Wiesbaden-Biebrich"]
[Date "2016.08.26"]
[Round "2.5"]
[White "Stork, Oliver"]
[Black "Kollars, Dmitrij"]
[Result "0-1"]
[WhiteElo "1990"]
[BlackElo "2483"]
[PlyCount "46"]
[EventDate "2016.??.??"]
[WhiteTeam "SV Oberursel"]
[BlackTeam "Hamburger SK"]

1. c4 c6 2. Nf3 d5 3. b3 Bg4 4. e3 Nd7 5. Bb2 Ngf6 6. Be2 e6 7. O-O Bd6 8. Nc3
O-O 9. d3 Qe7 10. e4 dxe4 11. dxe4 Rfd8 12. Nd4 Ne5 13. h3 Bc5 14. hxg4 Bxd4
15. Nd5 Rxd5 16. exd5 Bxb2 17. Rb1 Ba3 18. Bf3 cxd5 19. g5 Ne4 20. Bxe4 dxe4
21. Qd4 Nf3+ 22. gxf3 Qxg5+ 23. Kh2 Qf4+ 0-1

[Event "28.Schlosspark-Open"]
[Site "Wiesbaden-Biebrich"]
[Date "2016.08.26"]
[Round "2.6"]
[White "Carlstedt, Jonathan"]
[Black "Gentner, Markus"]
[Result "1-0"]
[WhiteElo "2450"]
[BlackElo "2005"]
[PlyCount "81"]
[EventDate "2016.??.??"]
[WhiteTeam "Hamburger SK"]
[BlackTeam "SC Murrhardt"]

1. c4 Nf6 2. g3 c5 3. Bg2 Nc6 4. Nc3 e6 5. Nf3 d5 6. cxd5 exd5 7. d4 Be7 8. O-O
O-O 9. dxc5 Bxc5 10. a3 Re8 11. b4 Bf8 12. Bb2 Bg4 13. h3 Bxf3 14. Bxf3 Qd7 15.
Nxd5 Nxd5 16. Qxd5 Qxh3 17. Rad1 Rad8 18. Qg5 h6 19. Qf4 Qe6 20. Rxd8 Rxd8 21.
b5 Ne7 22. Qe4 Qb3 23. Rb1 b6 24. Kg2 f5 25. Qb4 Qe6 26. Rc1 Nd5 27. Qd4 Rd7
28. Rc6 Qf7 29. Qe5 Ne7 30. Qb8 Kh7 31. Be5 Ng6 32. Rc8 Bc5 33. Rc6 Nxe5 34.
Qxe5 Re7 35. Qf4 g5 36. Qc1 Qg7 37. Qc2 Qe5 38. g4 Rf7 39. gxf5 Kg7 40. Rg6+
Kh7 41. f6 1-0

[Event "28.Schlosspark-Open"]
[Site "Wiesbaden-Biebrich"]
[Date "2016.08.26"]
[Round "2.7"]
[White "Modric, Vladimir"]
[Black "Gutman, Lev"]
[Result "0-1"]
[WhiteElo "1986"]
[BlackElo "2439"]
[PlyCount "66"]
[EventDate "2016.??.??"]
[WhiteTeam "SC Nied"]
[BlackTeam "SV Lingen"]

1. c4 Nf6 2. g3 g6 3. Bg2 Bg7 4. Nc3 O-O 5. e4 Nc6 6. Nge2 a6 7. O-O Rb8 8. a4
a5 9. d3 d6 10. h3 Nd7 11. f4 Nb4 12. Nd5 Nxd5 13. cxd5 c6 14. Nc3 Qb6+ 15. Kh2
Nc5 16. g4 f5 17. gxf5 gxf5 18. Bf3 Kh8 19. Rg1 Rg8 20. Rg2 Nb3 21. Rb1 Bd7 22.
Qe1 Nxc1 23. Rxc1 Bh6 24. Qh4 Qe3 25. Qxh6 Qxc1 26. exf5 Rxg2+ 27. Bxg2 Qxb2
28. Ne4 Bxf5 29. Ng5 Qf6 30. Qxf6+ exf6 31. Nf7+ Kg7 32. Nxd6 Bxd3 33. dxc6
bxc6 0-1

[Event "28.Schlosspark-Open"]
[Site "Wiesbaden-Biebrich"]
[Date "2016.08.26"]
[Round "2.8"]
[White "Malek, Daniel"]
[Black "Held, Carsten"]
[Result "1-0"]
[WhiteElo "2430"]
[BlackElo "1989"]
[PlyCount "113"]
[EventDate "2016.??.??"]
[WhiteTeam "SK Zehlendorf"]
[BlackTeam "SC Ladja Roßdorf"]

1. d4 Nf6 2. Bg5 Ne4 3. Bf4 c5 4. f3 Qa5+ 5. c3 Nf6 6. d5 d6 7. e4 b5 8. a4 b4
9. c4 Nbd7 10. Nh3 g6 11. Qd2 h6 12. Nf2 Bg7 13. Be2 Qc7 14. Be3 Bb7 15. a5 a6
16. f4 O-O-O 17. Qd3 Rdg8 18. Nd2 Nh7 19. Ra2 Kb8 20. Nf3 Bc8 21. Qd2 Ka8 22.
O-O Bf6 23. e5 Bg7 24. Nd3 f5 25. e6 Ndf6 26. Nf2 Nf8 27. Bd3 Qd8 28. Ne1 Bb7
29. Ra1 Qc8 30. Nc2 Ne8 31. Nxb4 Nxe6 32. dxe6 cxb4 33. Rfe1 Qc6 34. Bf1 Nc7
35. Bb6 Rb8 36. Nd3 Rhc8 37. Nxb4 Qe8 38. Rac1 Be4 39. Bxc7 Rxb4 40. Qxb4 Bd4+
41. Kh1 Rxc7 42. Qd2 Qh8 43. Bd3 Bb7 44. b4 Qf6 45. c5 dxc5 46. b5 Bd5 47. b6
Rc6 48. Bxa6 Rxe6 49. Bc4 Rxe1+ 50. Qxe1 Be4 51. Qe2 Qd6 52. Bd3 Bd5 53. Rb1
Qc6 54. a6 c4 55. b7+ Kb8 56. a7+ Bxa7 57. Qe5+ 1-0

[Event "28.Schlosspark-Open"]
[Site "Wiesbaden-Biebrich"]
[Date "2016.08.26"]
[Round "2.9"]
[White "Tuchtfeld, Jürgen"]
[Black "Baskin, Robert"]
[Result "0-1"]
[WhiteElo "1957"]
[BlackElo "2399"]
[PlyCount "68"]
[EventDate "2016.??.??"]
[WhiteTeam "SK Ebringen"]
[BlackTeam "SV Griesheim"]

1. d4 Nf6 2. Bf4 d5 3. e3 c5 4. c3 Nc6 5. Nf3 Qb6 6. Qb3 c4 7. Qc2 Bf5 8. Qc1
e6 9. Nbd2 Qa5 10. Nh4 Be7 11. Nxf5 exf5 12. b3 b5 13. Be2 b4 14. bxc4 bxc3 15.
Nb3 Qb4 16. c5 a5 17. Qc2 a4 18. Rb1 axb3 19. Rxb3 Rxa2 20. Rxb4 Rxc2 21. Bb5
O-O 22. Rb1 Rb2 23. Rxb2 cxb2 24. Kd2 Nd8 25. Kc2 Ne6 26. Be5 Ng4 27. Bg3 f4
28. Bxf4 Nxf4 29. exf4 Nxf2 30. Rf1 Rb8 31. Rxf2 Rxb5 32. Kb1 Kf8 33. Re2 Rb4
34. c6 Bd6 0-1

[Event "28.Schlosspark-Open"]
[Site "Wiesbaden-Biebrich"]
[Date "2016.08.26"]
[Round "2.10"]
[White "Boidman, Yuri"]
[Black "Schultze, Jörg-Martin"]
[Result "1-0"]
[WhiteElo "2315"]
[BlackElo "1973"]
[PlyCount "47"]
[EventDate "2016.??.??"]
[WhiteTeam "SC Heimbach-Weis"]
[BlackTeam "SF Anderssen Wetzlar"]

1. d4 Nf6 2. Nf3 d5 3. c4 c6 4. e3 e6 5. Nbd2 Nbd7 6. Bd3 Bd6 7. O-O O-O 8. e4
dxe4 9. Nxe4 Nxe4 10. Bxe4 h6 11. c5 Bc7 12. Bc2 b6 13. Qe2 bxc5 14. Rd1 Nf6
15. Be3 Qd5 16. Rac1 a5 17. Ne5 Ba6 18. Qf3 c4 19. Nxc6 Qd6 20. Ne5 Rab8 21.
Bxh6 Rxb2 22. Bxg7 Kxg7 23. Qg3+ Kh6 24. Qf4+ 1-0

[Event "28.Schlosspark-Open"]
[Site "Wiesbaden-Biebrich"]
[Date "2016.08.26"]
[Round "2.11"]
[White "Bäumer, Frank"]
[Black "Grimm, Julius"]
[Result "0-1"]
[WhiteElo "1960"]
[BlackElo "2288"]
[PlyCount "54"]
[EventDate "2016.??.??"]
[WhiteTeam "Gambit Gusenburg"]
[BlackTeam "SV Griesheim"]

1. e4 c6 2. Nc3 d5 3. Nf3 Nf6 4. e5 Ne4 5. Nxe4 dxe4 6. Ng5 Qd5 7. Qe2 Bf5 8.
c4 Qxe5 9. f3 e6 10. fxe4 Bg6 11. d3 Bb4+ 12. Kd1 c5 13. g3 Nc6 14. Bf4 Qd4 15.
Nf3 Qd7 16. h3 Rd8 17. Kc2 f5 18. exf5 Bxf5 19. g4 Bg6 20. Be3 O-O 21. a3 Bxd3+
22. Qxd3 Qxd3+ 23. Bxd3 Rxf3 24. Be4 Rxe3 25. Bxc6 Ba5 26. b4 cxb4 27. Bxb7 b3+
0-1

[Event "28.Schlosspark-Open"]
[Site "Wiesbaden-Biebrich"]
[Date "2016.08.26"]
[Round "2.12"]
[White "Ehmann, Thilo"]
[Black "Goldt, Rainer"]
[Result "1-0"]
[WhiteElo "2283"]
[BlackElo "1956"]
[PlyCount "99"]
[EventDate "2016.??.??"]
[WhiteTeam "SF Sasbach"]
[BlackTeam "Kreuznacher SV"]

1. e4 c6 2. c4 d5 3. cxd5 cxd5 4. exd5 Nf6 5. Nc3 Nxd5 6. Nf3 Nc6 7. Bb5 e6 8.
O-O Be7 9. d4 O-O 10. Bd3 b6 11. a3 Bb7 12. Qe2 Bf6 13. Rd1 Nxc3 14. bxc3 Qc7
15. Qe4 g6 16. Qg4 Rad8 17. Ng5 e5 18. Qh3 h5 19. Qg3 Ne7 20. Nf3 Bxf3 21. Qxf3
Bg7 22. Bg5 exd4 23. c4 Qe5 24. h4 Rde8 25. Re1 Qd6 26. c5 Qd7 27. cxb6 axb6
28. Rab1 Nc8 29. Rec1 Qg4 30. Qd5 Qe6 31. Qb7 Nd6 32. Qxb6 Rb8 33. Qxb8 Rxb8
34. Rxb8+ Kh7 35. Bd2 Qg4 36. Re1 Nf5 37. Be2 Qxh4 38. Bf3 d3 39. Rb4 Bd4 40.
Re3 Qf6 41. Rxd3 Bc5 42. Rc4 Qb6 43. Be1 Qe6 44. Rc1 Qe7 45. Bc3 Qg5 46. Re1
Be7 47. Rd7 Bf6 48. Rxf7+ Bg7 49. Bxg7 Nxg7 50. Ree7 1-0

[Event "28.Schlosspark-Open"]
[Site "Wiesbaden-Biebrich"]
[Date "2016.08.26"]
[Round "2.13"]
[White "Zimmer, Gerald"]
[Black "Kersten, Uwe"]
[Result "1/2-1/2"]
[WhiteElo "1939"]
[BlackElo "2274"]
[PlyCount "113"]
[EventDate "2016.??.??"]
[WhiteTeam "SC Bergen-Enkheim"]
[BlackTeam "Kasseler SK"]

1. d4 Nf6 2. Nf3 e6 3. c4 c5 4. d5 exd5 5. cxd5 d6 6. Nc3 a6 7. a4 g6 8. Bg5 h6
9. Bd2 Bg7 10. e4 Bg4 11. Be2 Bxf3 12. Bxf3 Nbd7 13. O-O O-O 14. Qc2 Rb8 15.
Be2 Ne8 16. Rab1 Qe7 17. Rfe1 h5 18. Be3 Nef6 19. Bg5 Rfc8 20. Bc4 Nb6 21. Be2
c4 22. Be3 Nbd7 23. a5 Ng4 24. Bxg4 hxg4 25. Na4 Ne5 26. Ba7 Qh4 27. Bxb8 Rxb8
28. Re3 Bh6 29. Rg3 Bf4 30. Qe2 Kg7 31. h3 Bxg3 32. fxg3 Qxg3 33. Qf2 Qxf2+ 34.
Kxf2 gxh3 35. gxh3 Rc8 36. Kg3 Nd7 37. Rc1 Kf6 38. Rf1+ Ke7 39. Rc1 Ne5 40. b3
c3 41. Rxc3 Rxc3+ 42. Nxc3 Nd3 43. Kf3 Nc1 44. b4 Nd3 45. b5 Ne5+ 46. Kf4 Nc4
47. bxa6 bxa6 48. Na2 Nxa5 49. Nb4 Kf6 50. h4 Nc4 51. Nxa6 Ne5 52. Nc7 Nd3+ 53.
Ke3 Ne1 54. Kf4 Ng2+ 55. Kg3 Ne1 56. Kf4 Ng2+ 57. Kg3 1/2-1/2

[Event "28.Schlosspark-Open"]
[Site "Wiesbaden-Biebrich"]
[Date "2016.08.26"]
[Round "2.14"]
[White "Krastev, Alexander"]
[Black "Kiese, Matthias"]
[Result "0-1"]
[WhiteElo "1924"]
[BlackElo "2268"]
[PlyCount "72"]
[EventDate "2016.??.??"]
[WhiteTeam "Biebertaler SF"]
[BlackTeam "Bochumer SV"]

1. e4 c5 2. Nc3 d6 3. f4 g6 4. Nf3 Bg7 5. Bc4 Nc6 6. d3 e6 7. O-O Nge7 8. Qe1
Nd4 9. Nxd4 cxd4 10. Ne2 O-O 11. Qf2 d5 12. Bb3 dxe4 13. dxe4 Nc6 14. Rd1 Qb6
15. e5 f6 16. exf6 Bxf6 17. c3 dxc3 18. Be3 cxb2 19. Bxb6 bxa1=Q 20. Rxa1 Bxa1
21. Bc5 Rf7 22. Qe1 Bg7 23. Nc3 Nd4 24. Bc4 Rc7 25. Ne4 b6 26. Qh4 Bb7 27. Bd6
Rxc4 28. Nf6+ Kf7 29. Nxh7 Rc1+ 30. Kf2 Rc2+ 31. Ke1 Nf5 32. Ng5+ Ke8 33. Qh7
Bc3+ 34. Kf1 Ba6+ 35. Kg1 Bd4+ 36. Kh1 Rc1# 0-1

[Event "28.Schlosspark-Open"]
[Site "Wiesbaden-Biebrich"]
[Date "2016.08.26"]
[Round "2.15"]
[White "Bauer, Björn-Benny"]
[Black "Schubert, Wolfgang"]
[Result "1-0"]
[WhiteElo "2251"]
[BlackElo "1931"]
[PlyCount "141"]
[EventDate "2016.??.??"]
[WhiteTeam "SK Gau-Algesheim"]
[BlackTeam "Wiesbadener SV"]

1. d4 d5 2. c4 c6 3. Nf3 Nf6 4. Nc3 dxc4 5. a4 Bf5 6. e3 e6 7. Bxc4 Bb4 8. O-O
O-O 9. Qb3 Qb6 10. h3 h6 11. Rd1 Nbd7 12. Bd2 a5 13. Rac1 Rfe8 14. Be1 Bf8 15.
Qa2 Rad8 16. Nd2 Bg6 17. Be2 Nd5 18. Nc4 Qa7 19. Nxd5 exd5 20. Nxa5 Bd6 21. b4
Nf6 22. b5 cxb5 23. Bxb5 Re6 24. Nb3 Ne4 25. Nc5 Nxc5 26. dxc5 Bxc5 27. Rxd5
Rxd5 28. Qxd5 b6 29. Qd8+ Kh7 30. Rd1 Re7 31. Bc3 f6 32. Bd4 Bxd4 33. Rxd4 Rc7
34. Rd7 Rxd7 35. Qxd7 Qa5 36. Kh2 Qe1 37. Kg3 h5 38. Qd4 Qa5 39. Bc4 Qa7 40.
Qd5 Qb8+ 41. f4 Qe8 42. Qe6 Qxe6 43. Bxe6 Be4 44. h4 Kh6 45. Kf2 g5 46. g3 Kg6
47. Bd7 gxh4 48. gxh4 Kf7 49. Ke2 Ke7 50. Bb5 Bf5 51. Bd3 Bd7 52. Bc2 Bg4+ 53.
Kd3 Kd6 54. Kd4 f5 55. Kc4 Kc6 56. Bd3 Bh3 57. e4 fxe4 58. Bxe4+ Kd6 59. Bf3
Bd7 60. Bd1 Ke6 61. Kd4 Kf5 62. Ke3 Be8 63. Bc2+ Kg4 64. f5 Kxh4 65. Kf4 Bf7
66. f6 Kh3 67. Kg5 h4 68. Bg6 Bb3 69. f7 Bxf7 70. Bxf7 Kg3 71. Kf5 1-0

[Event "28.Schlosspark-Open"]
[Site "Wiesbaden-Biebrich"]
[Date "2016.08.26"]
[Round "2.16"]
[White "Müller, Peter"]
[Black "Henrich, Thomas"]
[Result "0-1"]
[WhiteElo "1912"]
[BlackElo "2240"]
[PlyCount "72"]
[EventDate "2016.??.??"]
[WhiteTeam "Godesberger SK"]
[BlackTeam "SK Marburg"]

1. e4 c5 2. Nf3 d6 3. Bb5+ Nc6 4. d4 cxd4 5. Qxd4 Bd7 6. Bxc6 Bxc6 7. c4 Nf6 8.
Nc3 g6 9. O-O Bg7 10. Re1 O-O 11. Qd2 Qb6 12. Qe2 Rfe8 13. Be3 Qa5 14. Nd2 e6
15. Rad1 Rad8 16. Nb3 Qc7 17. Qc2 b6 18. Nd4 Ba8 19. Ndb5 Qxc4 20. Nxd6 Rxd6
21. Rxd6 Nxe4 22. Rdd1 Nxc3 23. bxc3 Qg4 24. f4 Bxc3 25. Rf1 Rc8 26. Rf2 Bd5
27. Qd3 Bf6 28. Bd4 Bh4 29. Rc2 Rd8 30. h3 Qh5 31. Ba1 Be7 32. Qd4 f6 33. Re1
Qf5 34. Qb2 Qxf4 35. Qc1 Qg3 36. Rc3 Qxg2# 0-1

[Event "28.Schlosspark-Open"]
[Site "Wiesbaden-Biebrich"]
[Date "2016.08.26"]
[Round "2.17"]
[White "Spitzl, Vinzent"]
[Black "Büse, Ralf"]
[Result "1/2-1/2"]
[WhiteElo "2238"]
[BlackElo "1911"]
[PlyCount "77"]
[EventDate "2016.??.??"]
[WhiteTeam "SV Griesheim"]
[BlackTeam "SC Ladja Rossdorf"]

1. e4 e6 2. d4 d5 3. e5 c5 4. c3 Nc6 5. Nf3 Bd7 6. Be2 f6 7. O-O Qc7 8. Re1
O-O-O 9. Bf4 Qb6 10. Qb3 g5 11. Be3 g4 12. Nfd2 fxe5 13. Qxb6 axb6 14. dxe5
Nxe5 15. Bf4 Ng6 16. Bg5 Be7 17. Bxe7 N8xe7 18. Bxg4 Nf4 19. Na3 Rhg8 20. Bf3
Nd3 21. Re3 c4 22. b3 Nf5 23. bxc4 Nxe3 24. fxe3 Bc6 25. cxd5 exd5 26. Rb1 Ne5
27. Nc2 Kc7 28. Nd4 Ra8 29. Nb5+ Bxb5 30. Rxb5 Rxa2 31. Bxd5 Ra1+ 32. Kf2 Rf8+
33. Nf3 Ra5 34. c4 Ng4+ 35. Ke2 Ra2+ 36. Kd3 Ra3+ 37. Kd2 Nxe3 38. Nd4 Rf2+ 39.
Ke1 1/2-1/2

[Event "28.Schlosspark-Open"]
[Site "Wiesbaden-Biebrich"]
[Date "2016.08.26"]
[Round "2.19"]
[White "Rolle, Eric"]
[Black "Lang, Micha"]
[Result "1-0"]
[WhiteElo "2200"]
[BlackElo "1897"]
[PlyCount "105"]
[EventDate "2016.??.??"]
[WhiteTeam "SK Marburg"]
[BlackTeam "SC Weiterstadt"]

1. Nf3 Nf6 2. c4 e6 3. g3 d5 4. Bg2 Be7 5. O-O O-O 6. Qc2 b6 7. d4 Ba6 8. Ne5
Bb7 9. Nc3 Nbd7 10. cxd5 exd5 11. Bf4 Rc8 12. Qa4 a6 13. Nc6 Bxc6 14. Qxc6 Nb8
15. Qb7 c5 16. Bxb8 Rxb8 17. Qxa6 cxd4 18. Nb5 Ra8 19. Qb7 Rb8 20. Qc7 Qxc7 21.
Nxc7 Rfd8 22. Nb5 Rbc8 23. Nxd4 Rc4 24. e3 Bc5 25. Nb3 Rc2 26. Rab1 Ng4 27. h3
Nxf2 28. Nxc5 Nxh3+ 29. Bxh3 bxc5 30. Rf2 Rc4 31. Rbf1 Re4 32. Rxf7 Rxe3 33.
R7f3 Re7 34. Rc3 c4 35. Rd1 Rf8 36. Bg2 Re2 37. Bxd5+ Kh8 38. Rf3 Rd8 39. Rdf1
g6 40. Rf8+ Rxf8 41. Rxf8+ Kg7 42. Rf2 Re1+ 43. Kg2 Rc1 44. Kf3 c3 45. b4 Rd1
46. Bb3 Rd3+ 47. Kg2 Kh6 48. b5 Rd4 49. Rf4 Rd2+ 50. Kh3 Kg5 51. Rc4 Rd3 52. b6
Rd6 53. Rb4 1-0

[Event "28.Schlosspark-Open"]
[Site "Wiesbaden-Biebrich"]
[Date "2016.08.26"]
[Round "2.20"]
[White "Berger, Ewald"]
[Black "Minor, Samuel"]
[Result "0-1"]
[WhiteElo "1886"]
[BlackElo "2189"]
[PlyCount "78"]
[EventDate "2016.??.??"]
[WhiteTeam "SC Butzbach"]
[BlackTeam "Wiesbadener SV"]

1. c4 f5 2. Nc3 Nf6 3. g3 g6 4. Bg2 Bg7 5. Nf3 O-O 6. O-O d6 7. d4 Qe8 8. Nd5
Na6 9. Nxf6+ Bxf6 10. Bh6 Bg7 11. Bxg7 Kxg7 12. e4 f4 13. e5 c6 14. Qe2 Nc7 15.
Rae1 d5 16. cxd5 cxd5 17. e6 Rf6 18. Qe5 Qd8 19. Ng5 Nxe6 20. Bxd5 Nxg5 21.
Qxg5 Bf5 22. Re5 e6 23. Bb3 fxg3 24. Qxg3 Qxd4 25. Rd1 Qg4 26. Rd7+ Rf7 27.
Qxg4 Bxg4 28. Rd4 Bf5 29. f4 Kf6 30. Rd6 Re7 31. h4 Rc8 32. Kf2 h6 33. Kg3 Rc1
34. Re2 Rh1 35. Rh2 Rxh2 36. Kxh2 g5 37. fxg5+ hxg5 38. hxg5+ Kxg5 39. Kg3 Rh7
0-1

[Event "28.Schlosspark-Open"]
[Site "Wiesbaden-Biebrich"]
[Date "2016.08.26"]
[Round "2.21"]
[White "Henrich, David"]
[Black "Launert, Martin"]
[Result "1-0"]
[WhiteElo "2178"]
[BlackElo "1880"]
[PlyCount "69"]
[EventDate "2016.??.??"]
[WhiteTeam "SK Niederbrechen"]
[BlackTeam "Sfr. Erbach"]

1. c4 e5 2. g3 c6 3. d4 Bb4+ 4. Bd2 Bxd2+ 5. Qxd2 d6 6. Nc3 Qe7 7. Bg2 Nf6 8.
Rd1 O-O 9. e4 Re8 10. Nge2 Nbd7 11. O-O Nb6 12. b3 Bg4 13. f3 Be6 14. d5 cxd5
15. exd5 Bf5 16. g4 Bg6 17. Ng3 Rac8 18. h4 h5 19. g5 Nfd7 20. Bh3 Rcd8 21.
Nce4 Nc8 22. Nf5 Bxf5 23. Bxf5 Nc5 24. Qg2 Nxe4 25. fxe4 g6 26. Bh3 Nb6 27. Rf3
Rf8 28. Rdf1 Kg7 29. Qf2 Nd7 30. b4 a6 31. Qa7 Nb8 32. c5 Rde8 33. Rf6 dxc5 34.
d6 Qd8 35. Qxb7 1-0

[Event "28.Schlosspark-Open"]
[Site "Wiesbaden-Biebrich"]
[Date "2016.08.26"]
[Round "2.22"]
[White "Heinemann, Ernst"]
[Black "Sefeloge, Michael"]
[Result "1/2-1/2"]
[WhiteElo "2177"]
[BlackElo "1846"]
[PlyCount "99"]
[EventDate "2016.??.??"]
[WhiteTeam "SK Oldenburg"]
[BlackTeam "SV Lahnstein"]

1. e4 c5 2. Nf3 d6 3. Bb5+ Bd7 4. Bxd7+ Qxd7 5. d4 cxd4 6. Nxd4 Nc6 7. c4 Nf6
8. Nc3 e6 9. O-O Be7 10. b3 O-O 11. Bb2 Rfd8 12. Re1 a6 13. Na4 Qc7 14. Rc1 Nd7
15. Qe2 Bf6 16. Nxc6 Qxc6 17. Red1 Bxb2 18. Nxb2 Rab8 19. Rd3 Ne5 20. Rg3 b5
21. f4 Ng6 22. Rf1 bxc4 23. Nxc4 d5 24. exd5 Rxd5 25. Kh1 Rbd8 26. Re3 Rf5 27.
Rd3 Rfd5 28. Rxd5 Qxd5 29. h3 Nh4 30. Kh2 Nf5 31. Qf3 Qxf3 32. Rxf3 Rd4 33. Rf2
h5 34. g4 hxg4 35. hxg4 Nd6 36. Nxd6 Rxd6 37. Rc2 g6 38. Kg2 Kg7 39. Kf3 Rd3+
40. Ke4 Rd1 41. g5 Rd5 42. Rc6 a5 43. Rc4 Rb5 44. Kd4 Rf5 45. Ke4 Rb5 46. Kd3
e5 47. Ke4 exf4 48. Kxf4 Rf5+ 49. Kg4 Rb5 50. Rd4 1/2-1/2

[Event "28.Schlosspark-Open"]
[Site "Wiesbaden-Biebrich"]
[Date "2016.08.26"]
[Round "2.23"]
[White "Lesny, Florian"]
[Black "HÃ¶glauer, Patrick"]
[Result "0-1"]
[WhiteElo "1853"]
[BlackElo "2153"]
[PlyCount "88"]
[EventDate "2016.??.??"]
[WhiteTeam "SK Niederbrechen"]
[BlackTeam "SC Grunbach"]

1. e4 c5 2. Nf3 a6 3. c3 d5 4. exd5 Qxd5 5. d4 Nc6 6. Be3 cxd4 7. Nxd4 e5 8.
Nf3 Qxd1+ 9. Kxd1 Bg4 10. Be2 O-O-O+ 11. Nbd2 Nf6 12. h3 Bf5 13. Nh4 Be6 14.
Kc2 Nd5 15. Rhf1 Be7 16. Nhf3 Bf5+ 17. Kc1 Nxe3 18. fxe3 Bg6 19. e4 Kc7 20. b4
Rd7 21. Kb2 Rhd8 22. Rad1 b5 23. g4 Kb6 24. a3 Ka7 25. Kc2 Rc8 26. Kb2 h6 27.
h4 h5 28. g5 Bd8 29. Rfe1 Bb6 30. Bf1 Rcd8 31. Bh3 Rd3 32. Bf1 R3d6 33. Kc2 Bf2
34. Re2 Bg3 35. Rg2 Bf4 36. Re2 Rd3 37. Ree1 R3d6 38. Re2 Ne7 39. Bh3 Nd5 40.
Kb3 Nb6 41. Bg2 Nc4 42. Kc2 Ne3+ 43. Rxe3 Bxe3 44. Bh3 Bxe4+ 0-1

[Event "28.Schlosspark-Open"]
[Site "Wiesbaden-Biebrich"]
[Date "2016.08.26"]
[Round "2.24"]
[White "KÃ¶llner, Christof"]
[Black "SchÃ¶ber, Sebastian"]
[Result "1-0"]
[WhiteElo "2130"]
[BlackElo "1828"]
[PlyCount "129"]
[EventDate "2016.??.??"]
[WhiteTeam "SV Bergneustadt/Derschlag"]
[BlackTeam "SC Diez"]

1. d4 Nf6 2. Nf3 d5 3. e3 c6 4. Bd3 Bg4 5. Nbd2 Nbd7 6. h3 Bh5 7. c4 e6 8. O-O
Bd6 9. Qb3 Qb8 10. Re1 O-O 11. c5 Bc7 12. Qc2 Bg6 13. Bxg6 hxg6 14. e4 e5 15.
dxe5 Nxe5 16. Nxe5 Bxe5 17. exd5 Nxd5 18. Nc4 Bf6 19. Bd2 Qc7 20. Re4 b6 21.
Rae1 bxc5 22. Ba5 Qb7 23. b3 Bd4 24. Qd2 Qd7 25. Ne5 Qd6 26. Nf3 Nf6 27. Re7
Rfe8 28. Bc7 Qd5 29. Qf4 Rxe7 30. Rxe7 Re8 31. Bd6 Rxe7 32. Bxe7 Qd7 33. Qb8+
Qe8 34. Qxa7 Ne4 35. Bh4 g5 36. Nxg5 Nxg5 37. Bxg5 Qe1+ 38. Kh2 Bxf2 39. Qb8+
Kh7 40. h4 Bd4 41. Qg3 Qg1+ 42. Kh3 Qb1 43. a4 f6 44. Bf4 Bg1 45. Qf3 Qf5+ 46.
g4 Qd5 47. Kg2 Bd4 48. Qxd5 cxd5 49. Kf3 Bc3 50. Bd6 Bd4 51. a5 c4 52. bxc4
dxc4 53. Ke4 Ba7 54. Bc7 c3 55. Kd3 c2 56. Kxc2 Kg6 57. Bb6 Bb8 58. a6 f5 59.
gxf5+ Kxf5 60. Kd3 Kg4 61. Ke4 Kxh4 62. Kd5 g5 63. Kc6 g4 64. Kb7 Be5 65. a7
1-0

[Event "28.Schlosspark-Open"]
[Site "Wiesbaden-Biebrich"]
[Date "2016.08.26"]
[Round "2.25"]
[White "Stuhlmann, Florian"]
[Black "Poghosyan, Tigran"]
[Result "1/2-1/2"]
[WhiteElo "1850"]
[BlackElo "2088"]
[PlyCount "78"]
[EventDate "2016.??.??"]
[WhiteTeam "SC Lindenholzhausen"]
[BlackTeam "LÃ¼becker SV"]

1. d4 Nf6 2. c4 g6 3. Nc3 d5 4. cxd5 Nxd5 5. e4 Nxc3 6. bxc3 Bg7 7. Bg5 c5 8.
Rc1 O-O 9. Nf3 cxd4 10. cxd4 Bg4 11. d5 Qa5+ 12. Qd2 Qa3 13. Be2 Nd7 14. O-O
Rfc8 15. h3 Bxf3 16. Bxf3 h5 17. Rxc8+ Rxc8 18. Rc1 Bc3 19. Bxe7 Qa5 20. Qg5
Rc4 21. Rd1 Kh7 22. Bxh5 Rxe4 23. Bg4 Be5 24. g3 Qa4 25. Rf1 f5 26. Bxf5 gxf5
27. Qxf5+ Kg7 28. Rc1 Bb2 29. Rc7 Rxe7 30. Qg5+ Kf7 31. Qf5+ Kg7 32. Qg5+ Kf7
33. Qf5+ Bf6 34. d6 Qd1+ 35. Kg2 Qxd6 36. Qh5+ Ke6 37. Qg4+ Kf7 38. Qh5+ Ke6
39. Qg4+ Kf7 1/2-1/2

[Event "28.Schlosspark-Open"]
[Site "Wiesbaden-Biebrich"]
[Date "2016.08.26"]
[Round "2.26"]
[White "FÃ¤rber, David"]
[Black "Zeyen, Helmut"]
[Result "1-0"]
[WhiteElo "2115"]
[BlackElo "1819"]
[PlyCount "71"]
[EventDate "2016.??.??"]
[WhiteTeam "SV Walldorf"]
[BlackTeam "Wiesbadener SV"]

1. e4 d5 2. exd5 Nf6 3. Bb5+ Bd7 4. Be2 Nxd5 5. d4 c6 6. Nf3 g6 7. O-O Bg4 8.
c4 Nb6 9. Qd3 Bg7 10. Be3 N6d7 11. Rd1 Na6 12. Nc3 Qc7 13. Bg5 O-O 14. Qe3 Bxf3
15. Bxf3 Nf6 16. Bf4 Qd7 17. a3 Nc7 18. Be5 Nfe8 19. Bxg7 Nxg7 20. d5 Nf5 21.
dxc6 Qxd1+ 22. Nxd1 Nxe3 23. cxb7 Rab8 24. Nxe3 Rfd8 25. b4 e6 26. c5 Rd4 27.
Rb1 a6 28. a4 f5 29. b5 axb5 30. axb5 e5 31. b6 Na6 32. c6 e4 33. Be2 Nc5 34.
c7 Rdd8 35. cxd8=Q+ Rxd8 36. Bc4+ 1-0